000
00187nam a2200085Ia 4500
008
170617s9999 xx 000 0 und d
100
_a
Singh-J.P
245
0
_a
Samajsasatr ke muletatab
260
_b
PHI
260
_c
2007
999
_c
12817
_d
12817